01482nam a22002657a 4500003000400000005001700004008004100021020001500062040000700077245011700084260003100201300001900232490002900251500004800280505059200328650002800920700004300948700002900991700002501020700002701045700002801072942001301100999001301113952009001126OSt20181206094656.0180320b xxu||||| |||| 00| 0 spa d a8420681253 cPJ10aManual de ciencia política /ccompilación de Gianfranco Pasquino ; versión española de Pilar Chávarri. aMadrid :bAlianza, c1986. a480 p.c23 cm. aAlianza Universidadv125 aBibliografía al final de cada capítulo. aContenido: I. Naturaleza y evolución de la disciplina -- II. Metodología de la investigación política -- III. Las democracias, por Leonardo Morlino -- IV. Los autoritarismos, por Leonardo Morlino -- V. Participación política, grupos y movimientos, por Gianfranco Pasquino -- VI.Partidos y sistemas de partidos, por Stefano Bartolini -- VII. Parlamentos y repretanción, por Maurizio Cotta -- VIII. Los gobiernos, por Maurizio Cotta -- IX.Las burocracias públicas, por Angelo Panebianco -- X. La dimensión internacional de los procesos políticos, por Angelo Panebianco. 09348aCIENCIAS POLITICAS 9420aPasquino, Gianfranco ecompilador 9421aBartolini, Stefano  9422aCotta, Maurizio 9423aMorlino, Leonardo 9424aPanebianco, Angelo 2udccLIB c361d361 00102udc4070aDJSbDJSd2018-04-28o32(035) MANp1710r2018-04-28w2018-04-28yLIB